00463nam a22001337a 450000100060000000300090000600500170001500800470003204000220007924000510010124500620015226000790021430000360029300260DO-SdBNP20180126131535.0151208b 1989 nyu xxu||||| |||| 00| 0 spa d aBPMSUbspacBPMSU10aQuestions young people ask, answers that work.10aLo que los jóvenes preguntan /brespuestas prácticas. aBrooklyn, N.Y. : bWatchtower Bible and Tract Society of New York, c1989. a318 p. : bil., retrs.c17 cm.